[Event "Hallstahammar op"]
[Site "Hallstahammar"]
[Date "2004.09.11"]
[Round "5"]
[White "Bhatt, Inge"]
[Black "Moborn, Anders"]
[Result "0-1"]
[WhiteElo "1776"]
[BlackElo "2005"]
[PlyCount "54"]
[EventDate "2004.09.10"]
[EventType "swiss"]
[EventRounds "8"]
[EventCountry "SWE"]
[SourceTitle "EXT 2005"]
[Source "ChessBase"]
[SourceDate "2004.11.15"]
[SourceVersion "1"]
[SourceVersionDate "2004.11.15"]
[SourceQuality "1"]

1. d4 d5 2. Nf3 Nf6 3. e3 Bf5 4. Bd3 Bxd3 5. cxd3 c6 6. Nc3 e6 7. 0-0 Be7 8. e4 0-0 9. e5 Ne8 10. Qe2 Nd7 11. Be3 Rc8 12. Nd2 c5 13. f4 f5 14. Rf3 Qb6 15. Nb3 c4 16. dxc4 Rxc4 17. Rh3 g6 18. Kh1 Ng7 19. Rd1 a5 20. Bf2 Rfc8 21. Qe3 Qa6 22. Qf3 a4 23. Nxd5 exd5 24. Qxd5+ Qe6 25. Qxe6+ Nxe6 26. Na5 Rc1 27. Rhd3 Nxf4 0-1

[Event "Hallstahammar op"]
[Site "Hallstahammar"]
[Date "2001.09.09"]
[Round "7"]
[White "Bhatt, Inge"]
[Black "Smeds, Joakim"]
[Result "1-0"]
[WhiteElo "1768"]
[BlackElo "1563"]
[PlyCount "91"]
[EventDate "2001.??.??"]
[EventType "swiss"]
[EventRounds "7"]
[EventCountry "SWE"]
[SourceTitle "EXT 2006"]
[Source "ChessBase"]
[SourceDate "2005.11.24"]
[SourceVersion "1"]
[SourceVersionDate "2005.11.24"]
[SourceQuality "1"]

1. d4 Nf6 2. Nf3 g6 3. Bg5 Bg7 4. Nbd2 d5 5. e3 0-0 6. Be2 b6 7. 0-0 Nbd7 8. c3 Bb7 9. b4 Re8 10. a4 e5 11. Qb3 e4 12. Ne1 c6 13. Nc2 Rb8 14. c4 c5 15. cxd5 Bxd5 16. Bc4 Bxc4 17. Nxc4 Qc7 18. Bf4 Qc6 19. Bxb8 Rxb8 20. Rfd1 cxd4 21. Nxd4 Qd5 22. Ne2 Qg5 23. Rac1 Rc8 24. Nc3 Rf8 25. Nd6 Qg4 26. Ncxe4 Ne5 27. Nxf6+ Bxf6 28. h3 Qh4 29. Rc7 Qg5 30. Ne4 Qf5 31. Nxf6+ Qxf6 32. f4 Nc6 33. Qc4 Ne7 34. Qc3 Qh4 35. Qe1 Qf6 36. Rxa7 Nf5 37. e4 Nh4 38. Qf2 g5 39. f5 Qc3 40. a5 bxa5 41. bxa5 Rb8 42. Rad7 Qxa5 43. g3 Rb3 44. gxh4 Qe5 45. Rd8+ Kg7 46. Qd4 1-0

[Event "Hallstahammar op"]
[Site "Hallstahammar"]
[Date "2001.09.09"]
[Round "6"]
[White "Persson, Jan"]
[Black "Bhatt, Inge"]
[Result "1-0"]
[WhiteElo "2052"]
[BlackElo "1746"]
[PlyCount "67"]
[EventDate "2001.??.??"]
[EventType "swiss"]
[EventRounds "7"]
[EventCountry "SWE"]
[SourceTitle "EXT 2006"]
[Source "ChessBase"]
[SourceDate "2005.11.24"]
[SourceVersion "1"]
[SourceVersionDate "2005.11.24"]
[SourceQuality "1"]

1. c4 c6 2. e4 d5 3. cxd5 cxd5 4. exd5 Nf6 5. Bb5+ Nbd7 6. Nc3 a6 7. Bxd7+ Bxd7 8. Nge2 g6 9. 0-0 Bg7 10. d4 0-0 11. Bf4 Qb6 12. Qd2 Rfd8 13. Rfc1 Rac8 14. Qe3 Re8 15. h3 Qa5 16. Qf3 Bf5 17. g4 Bd7 18. b4 Qa3 19. Rcb1 Bb5 20. Rb3 Bxe2 21. Qxe2 Rxc3 22. Rxa3 Rxa3 23. Qc4 Rxh3 24. Kg2 Ra3 25. Bc1 Ra4 26. g5 Ne4 27. Qc2 Rxb4 28. Qxe4 Rxd4 29. Qf3 Rd8 30. Rb1 b5 31. Be3 R4xd5 32. Rc1 R5d7 33. Qc6 Rd6 34. Qb7 1-0

[Event "Hallstahammar op"]
[Site "Hallstahammar"]
[Date "2001.09.07"]
[Round "1"]
[White "Bhatt, Inge"]
[Black "Lind, Jan Olov"]
[Result "0-1"]
[WhiteElo "1763"]
[BlackElo "2259"]
[PlyCount "58"]
[EventDate "2001.??.??"]
[EventType "swiss"]
[EventRounds "7"]
[EventCountry "SWE"]
[SourceTitle "EXT 2006"]
[Source "ChessBase"]
[SourceDate "2005.11.24"]
[SourceVersion "1"]
[SourceVersionDate "2005.11.24"]
[SourceQuality "1"]

1. d4 Nf6 2. Nf3 g6 3. Bg5 Bg7 4. Nbd2 0-0 5. c3 d5 6. e3 b6 7. Be2 Bb7 8. 0-0 c5 9. a4 Nc6 10. Rb1 a5 11. Qc2 Rc8 12. dxc5 bxc5 13. Qb3 Ba8 14. Rbd1 Rb8 15. Qa2 Qb6 16. Bb5 Rfd8 17. Nb1 Ne4 18. Bf4 e5 19. Bg3 c4 20. Bxc6 Bxc6 21. Bxe5 Qxb2 22. Qxb2 Rxb2 23. Rd4 f6 24. Bc7 Ra8 25. Nh4 f5 26. f3 Bxd4 27. exd4 Nd2 28. Nxd2 Rxd2 29. Re1 Kf7 0-1